Implementácia medzinárodných účtovných štandardov (IAS) do účtovníctva Slovenskej republiky a Českej republiky medzinárodná vedecká konferencia

Guardado en:
Detalles Bibliográficos
Autor Corporativo: Implementácia medzinárodných účtovných štandardov (IAS) do účtovníctva Slovenskej republiky a Českej republiky. Medzinárodná vedecká konferencia
Otros Autores: Soukupová, Božena, Kovalčíková, Antónia
Formato: Libro
Lenguaje:eslovaco
checo
inglés
Publicado: Bratislava FHI EU - Katedra účtovníctva 2001
Materias:
Etiquetas: Agregar Etiqueta
Sin Etiquetas, Sea el primero en etiquetar este registro!

MARC

LEADER 00000nam a2200000 4500
001 c130046
005 20240502071321.2
020 |a 80-225-1479-9 
041 0 |a slo 
041 0 |a cze 
041 0 |a eng 
044 |a SK 
245 1 0 |a Implementácia medzinárodných účtovných štandardov (IAS) do účtovníctva Slovenskej republiky a Českej republiky  |b medzinárodná vedecká konferencia  |c zostavili: Božena Soukupová, Antónia Kovalčíková 
264 1 |a Bratislava  |b FHI EU - Katedra účtovníctva  |c 2001 
300 |a 187 s. 
610 2 0 |a účtovníctvo 
610 2 0 |a metódy účtovné 
610 2 0 |a porovnanie medzinárodné 
610 2 0 |a normy 
610 2 0 |a poistenie 
610 2 0 |a banky 
610 2 0 |a likvidita 
610 2 0 |a cash flow 
610 2 0 |a zisk 
610 2 0 |a strata 
610 2 0 |a systémy informačné podnikové 
610 2 0 |a závierka účtovná 
610 2 0 |a majetok nehmotný 
610 2 0 |a súvaha 
610 2 0 |a úpravy právne 
610 2 0 |a systémy účtovné 
610 2 0 |a odpisy účtovné 
610 2 0 |a deriváty 
610 2 0 |a rozpočty 
610 2 0 |a investície finančné 
610 2 0 |a výkazy účtovné 
610 2 0 |a legislatíva 
610 2 0 |a účtovníctvo manažérske 
610 2 0 |a audítori 
610 2 0 |a Slovensko 
610 2 0 |a Česko 
610 2 0 |a IAS 
700 1 |a Soukupová, Božena 
700 1 |a Kovalčíková, Antónia 
110 2 |a Implementácia medzinárodných účtovných štandardov (IAS) do účtovníctva Slovenskej republiky a Českej republiky. Medzinárodná vedecká konferencia